000 01078cab a2200313 4500
001 ABS58840
008 090401t1998 xxu||||| |||| 00| 0 eng d
035 _a(Sirsi) u87215
041 _aeng
100 _aAl-haji, A
245 _aModelling the running costs of buildings
260 _c1998
350 _a0
490 _aConstruction Management & Economics
_v16(4) July 1998, 459-470(12)
520 _aDescribes the development and testing of a model for collecting and analsying maintenance and operating costs. Discusses the methodology and data acquisition, the model development and model testing. Includes tables, figures, references and appendices.
650 _aCOST-SIGNIFICANT ITEMS
650 _aDATA SOURCES
650 _aFACILITIES MANAGEMENT
_96240
650 _aJACKNIFE METHOD
650 _aLIFE CYCLE COSTS
650 _aMAINTENANCE COSTS
650 _aMODELLING
650 _aOCCUPANCY COSTS
650 _aOPERATING COSTS
690 _aBUILT ENVIRONMENT-BUILDING COSTS
700 _aHorner, M.W.
942 _n0
948 _c03/07/1998
999 _c54997
_d54997